Čeština pro neslyšící zvýšení kompetence neslyšících ve čtené a psané češtině /

Main Author: Macurová, Alena, 1946-
Other Authors: Othová, Markéta, 1968-, Prokeš, Václav, Vančát, Martin
Language: Czech
Published: [S.l.] : Alena Macurová, c2007
Physical Description: 1 CD-ROM : barev. ; 12 cm + 1 leták (12 x 12 cm)
Electronic
Saved in:
LEADER 01542nmm a2200409 a 4500
001 000883614
003 CZ BrMZK
005 20080609115035.0
008 080129s2007 xr e i |||||||cze d
020 |a 978-80-86792-24-8  |q (CDR) 
040 |a BOA001  |b cze 
072 7 |a 811.162.3  |x Čeština  |2 Konspekt  |9 11 
072 7 |a 37.016  |x Učební osnovy. Vyučovací předměty. Učebnice  |2 Konspekt  |9 22 
080 |a 811.162.3  |2 MRF 
080 |a 81'36  |2 MRF 
080 |a 81'24  |2 MRF 
080 |a 316.344.6-056.263  |2 MRF 
080 |a (075)  |2 MRF 
080 |a (0.034.44)  |2 MRF 
100 1 |a Macurová, Alena,  |d 1946-  |7 jk01072822 
245 1 0 |a Čeština pro neslyšící  |h [elektronický zdroj] :  |b zvýšení kompetence neslyšících ve čtené a psané češtině /  |c Alena Macurová ; Markéta Othová 
256 |a Data (572 MB) 
260 |a [S.l.] :  |b Alena Macurová,  |c c2007 
300 |a 1 CD-ROM :  |b barev. ;  |c 12 cm +  |e 1 leták (12 x 12 cm) 
650 0 7 |a čeština  |7 ph135292  |2 czenas 
650 0 7 |a mluvnice  |7 ph115331  |2 czenas 
650 0 7 |a jazyková výuka  |7 ph162894  |2 czenas 
650 0 7 |a neslyšící  |7 ph137297  |2 czenas 
655 7 |a učebnice  |7 fd133770  |2 czenas 
655 7 |a CD-ROM  |7 fd133955  |2 czenas 
700 1 |a Othová, Markéta,  |d 1968-  |7 jn20000720214  |4 oth 
700 1 |a Prokeš, Václav  |4 oth 
700 1 |a Vančát, Martin  |4 oth 
910 2 |a BOA001  |b CDR-1204.813 
990 |a CF 
991 |b 200806 
996 3 |b 2610345644  |c CDR-1204.813  |l Stud. periodik/2.patro  |r Sklad / do 1 hodiny  |n 6  |p p.v.  |w 000883614  |u 000010  |a 1  |e BOA001  |j MZK50  |s N